| 000 | 00359nam a22001577a 4500 | ||
|---|---|---|---|
| 003 | SGT | ||
| 020 | _a978-81-7671-063-3 | ||
| 082 |
_a629.1342 _bGHO |
||
| 100 | _aGHOSH,AMITABHA | ||
| 245 | _aMANUFACTURING SCIENCE | ||
| 250 | _a2ND | ||
| 260 |
_aNEW DELHI _bEAST-WEST PRESS _c2010 |
||
| 300 | _a496 | ||
| 650 | _aMECHANICAL ENGINEERING | ||
| 942 |
_2ddc _cBK _02 |
||
| 999 |
_c14099 _d14099 |
||